Gares sur la ligne de Poitiers à Limoges - Statistiques

Statistiques générales
  • Ce quiz a été pris 47 fois
  • Le résultat moyen est 6 sur 11
Statistiques - réponses
Département Gare % Correct
Vienne (86) Poitiers
95%
Haute-Vienne (87) Le Dorat
71%
(86) Montmorillon
71%
(87) Bellac
63%
(86) Lussac-les-Châteaux
58%
Vienne (86) Lathus
53%
Haute-Vienne (87) Limoges-Bénédictins
45%
(87) Nantiat
45%
(87) Nieul
42%
(87) Peyrilhac - Saint-Jouvent
37%
(86) Mignaloux - Nouaillé
26%
Aucun quiz correspondant
Distribution des résultats
% des personnes avec chaque résultat
Percentile par nombre de réponses
Votre historique - résultats
Vous n’avez pas pris ce quiz